It looks like you're offline.
Open Library logo
additional options menu

MARC record from Internet Archive

LEADER: 01267cam 2200373Ii 4500
001 on1004424075
003 OCoLC
005 20220128103836.0
008 170921s2015 it b 001 1 ita d
040 $aCDN$beng$erda$cCDN$dOCLCF$dOCLCA$dOCLCO
020 $a9788804654018
020 $a8804654015
035 $a(OCoLC)1004424075
043 $ae------
050 00 $aPQ4267$b.A2 2015
100 1 $aBoccaccio, Giovanni,$d1313-1375,$eauthor.
245 10 $aDecameron /$cGiovanni Boccaccio ; a cura di Vittore Branca.
264 1 $aMilano :$bOscar Mondadori,$c[2015]
300 $aLV, 824 pages ;$c22 cm.
336 $atext$btxt$2rdacontent
337 $aunmediated$bn$2rdamedia
338 $avolume$bnc$2rdacarrier
490 0 $aOscar classici ;$v146
504 $aIncludes bibliographical references and indexes.
650 0 $aPlague$zEurope$xHistory$vFiction.
650 0 $aStorytelling$vFiction.
650 7 $aPlague.$2fast$0(OCoLC)fst01065045
650 7 $aStorytelling.$2fast$0(OCoLC)fst01134169
651 7 $aEurope.$2fast$0(OCoLC)fst01245064
655 7 $aFiction.$2fast$0(OCoLC)fst01423787
655 7 $aHistory.$2fast$0(OCoLC)fst01411628
700 1 $aBranca, Vittore,$eeditor.
994 $aZ0$bP4A
948 $hNO HOLDINGS IN P4A - 2 OTHER HOLDINGS